Моят малък Бах (Запис номер 495373)
[ съкратено ]
| 000 -Лидер | |
|---|---|
| Лидер | 01242nam a2200325 a 4500 |
| 003 - Код на организацията, давaща контролен номер | |
| Код на организацията, даваща контролен номер | BLK |
| 005 - Дата и час на последна редакция | |
| Дата и час на последна редакция | 20250510105105.0 |
| 008 - Елементи от данни с фиксирана дължина | |
| Елементи с фиксирана дължина | 200106b bu ||||| |||| 00| 0 bu d |
| 020 ## - Международен стандартен номер на книга ISBN | |
| ISBN | 9789543575770 |
| 040 ## - Източник на каталожния запис | |
| Код на библиотеката | BLK |
| 041 ## - Код за език | |
| Език | Български |
| Език за КДБФ | Български |
| 080 ## - УДК | |
| УДК текст | Музика |
| УДК код | 78 |
| УДК – определител | (02.053.2) |
| УДК – код + определител | 78(02.053.2) |
| 9 (RLIN) | 234805 |
| 084 ## - Класификационен индекс по друга класификация | |
| Авторски знак | Колев - К 78 |
| 100 ## - Редна дума - Автор | |
| Автор | Колет, Емили |
| R(LIN) | 489099 |
| 245 ## - Сведения за заглавието | |
| Заглавие | Моят малък Бах |
| Авторска отговорност | Емили Колет; ил. Северин Кордие; прев. Валерия Стефанова |
| Подзаглавни данни | Музикална книжка |
| 257 ## - Страна на издаване | |
| Страна на създаване/издаване | България |
| 260 ## - Област на издателските данни | |
| 9 (RLIN) | 210050 |
| Място на издаване | София |
| Име на издателя | ЕМАС |
| Година на издаване | 2023 |
| 300 ## - Физическа характеристика | |
| Брой страници | 11 с. |
| Илюстрации | с цв. ил. |
| Размер | 17Х16 см. |
| 380 ## - Жанр | |
| Жанр | Детска отраслова лит. |
| 490 ## - СЕРИИ (Колекции) | |
| 9 (RLIN) | 489100 |
| Серия | Моята малка музикална книжка |
| 500 ## - Общи забележки | |
| Обща забележка | Ориг. загл. Mon petit Bach / Emilie Collet. - Кн. отпеч. на ламиниран картон |
| 700 1# - Други автори (авторска отговорност) | |
| 9 (RLIN) | 82399 |
| Друг автор | Кордие, Северин |
| 700 ## - Други автори (авторска отговорност) | |
| 9 (RLIN) | 449448 |
| Друг автор | Стефанова, Валерия Валериева |
| 852 ## - Местоположение | |
| Сигнатура (форматна) | І 43019 |
| 942 ## - АРТИКУЛИ | |
| Вид на библиотечния документ | Книги |
| Скрит в OPAC | Не |
| Периодичен библиозапис | Да |
| Koha issues (borrowed), all copies | 45 |
| 944 ## - СЪЗДАВАНЕ И РЕДАКЦИЯ на ЗАПИСА | |
| Дата на регистрацията/редакция | Теодора Пейчева-Дянкова |
| Служител, извършил регистрацията/редакцията | 30564 |
| Номер на служител | Анна Гръцманова |
| 944 ## - СЪЗДАВАНЕ И РЕДАКЦИЯ на ЗАПИСА | |
| Създаване/Редакция | Редакция |
| Служител, извършил регистрацията/редакцията | ДГ |
| 999 ## - СИСТЕМНИ КОНТРОЛНИ НОМЕРА | |
| Koha biblionumber | 495373 |
| Koha biblioitemnumber | 495373 |
| 999 ## - СИСТЕМНИ КОНТРОЛНИ НОМЕРА | |
| Koha biblioitemnumber | 495373 |
| 999 ## - СИСТЕМНИ КОНТРОЛНИ НОМЕРА | |
| Koha biblioitemnumber | 495373 |
| Код за отписване | Код за изгубен артикул | Източник на класификационната схема | Код за повреда | Код за отдаване | Артикулен № | Име на библиотеката - собственик | Име на библиотеката, в която се намира в момента | Статус (Текущо местоположение) | Дата на вписване в системата | Местоположение - отдел | Цена в лева | Инвентарен номер | Систематично азбучна сигнатура | Баркод | Цена в евро | Служебен тип на артикула | Коз за рестрикции |
|---|---|---|---|---|---|---|---|---|---|---|---|---|---|---|---|---|---|
| Не е изгубен | Universal Decimal Classification | Не е повреден | заемане за дома | 933337 | Регионална библиотека "Любен Каравелов" Русе | Регионална библиотека "Любен Каравелов" Русе | Детски отдел | 2023-09-11 | Детски отдел | 12.95 | 120000892506 | 78/К 78 Е | 120000892506 | 6.62 | Книги | ||
| Не е изгубен | Universal Decimal Classification | Не е повреден | заемане за дома | 933338 | Регионална библиотека "Любен Каравелов" Русе | Регионална библиотека "Любен Каравелов" Русе | Детски отдел | 2023-09-11 | Детски отдел | 12.95 | 120000892505 | 78/К 78 Е | 120000892505 | 6.62 | Книги | ||
| Не е изгубен | Universal Decimal Classification | Не е повреден | ползва се в читалня | 960686 | Регионална библиотека "Любен Каравелов" Русе | Регионална библиотека "Любен Каравелов" Русе | Хранилище | 2025-02-11 | Хранилище | 18.50 | 120000917900 | Цб І 43019 | 120000917900 | 9.46 | Книги | само за читалня |